000 00586cam a2200145 4500500
005 20260208005832.0
041 _afre
042 _adc
100 1 0 _aIllouz, Jean-Nicolas
_eauthor
245 0 0 _aDAGMAR WIESER, Nerval : une poétique du deuil à l’âge romantique. Genève, Droz, 2004. Un vol. de 408 p.
260 _c2005.
500 _a82
786 0 _nRevue d'histoire littéraire de la France | 105 | 4 | 2005-10-01 | p. 1031f-1076f | 0035-2411
856 4 1 _uhttps://shs.cairn.info/revue-d-histoire-litteraire-de-la-france-2005-4-page-1031f?lang=fr&redirect-ssocas=7080
999 _c1654040
_d1654040